[Event "SEMI 10-Fance Echecs 2 email"]
[Site "SEMI email"]
[Date "2001.05.02"]
[Round "?"]
[White "Zaniratti, Ivano"]
[Black "Picard, Gilbert"]
[Result "1/2-1/2"]
[WhiteElo "2097"]
[BlackElo "1780"]
[PlyCount "67"]
[EventDate "2001.??.??"]
[EventType "team-swiss (corr)"]
[EventRounds "5"]
[EventCountry "ITA"]
[SourceTitle "Corr 2004"]
[Source "ChessBase"]
[SourceDate "2003.04.28"]
[SourceVersion "3"]
[SourceVersionDate "2003.04.28"]
[SourceQuality "1"]
[WhiteTeam "SEMI-10"]
[BlackTeam "France Echecs-2"]
[WhiteTeamCountry "ITA"]
[BlackTeamCountry "FRA"]

1. e4 d6 2. d4 Nf6 3. Nc3 c6 4. f4 Qa5 5. Bd3 e5 6. Nf3 Bg4 7. Be3 Nbd7 8. 0-0 Be7 9. Kh1 0-0 10. Qe1 Rfe8 11. Qg3 exd4 12. Bxd4 Bxf3 13. Rxf3 Bd8 14. a3 Qh5 15. Rd1 Qg4 16. Qxg4 Nxg4 17. h3 Ngf6 18. g4 Bb6 19. Bxb6 Nxb6 20. g5 Nfd7 21. b4 a5 22. Bf1 axb4 23. axb4 Nc8 24. Kg2 Ndb6 25. Kg3 Kf8 26. h4 Na4 27. Ra1 Ncb6 28. Nxa4 Rxa4 29. Rxa4 Nxa4 30. Ra3 Nb6 31. Kf3 d5 32. e5 Ra8 33. Rxa8+ Nxa8 34. h5 1/2-1/2